Statistics for Footballer career path #4

Click here to take the quiz!

General Stats

  • This quiz has been taken 110 times
  • The average score is 14 of 24

Answer Stats

Answer% Correct
Sadio Mane
98%
Ivan Perisic
90%
Paulo Dybala
87%
Theo Walcott
77%
Fernando Torres
76%
Stephan El Shaarawy
67%
Andrey Arshavin
66%
Jerzy Dudek
62%
Odion Ighalo
60%
Per Mertesacker
60%
Alessandro Del Piero
58%
Michu
58%
Diego Forlan
55%
Hulk
55%
Layvin Kurzawa
51%
Park Ji-Sung
51%
Adel Taarabt
50%
Kolo Toure
49%
Manuel Almunia
48%
Victor Wanyama
46%
Roque Santa Cruz
42%
Nuri Sahin
39%
Carl Jenkinson
28%
Sebastien Thill
20%

Score Distribution

Percentile by Number Answered

Percent of People with Each Score

Your Score History

You have not taken this quiz